000
00231nam a22000977a 4500
003
OSt
008
200922b ||||| |||| 00| 0 eng d
100
_a
Shakespeare, William
_9
1841
245
_a
Shakespeare's complete works
942
_c
BK
999
_c
16328
_d
16328